Szczegóły MARC21

Autochthone Modernität : Eine Untersuchung der vom Nationalsozialismus geförderten Literatur /

005 -DATA I CZAS OSTATNIEJ MODYFIKACJI [,]
    • @
    • pole kontrolne
    • 20070315155141.9
020 -Międzynarod. znormalizowany nr książki - ISBN [ , ]
    • a
    • Numer ISBN
    • 3531128914 Find
040 -Instytucja sporządzająca opis [ , ]
    • a
    • Instytucja, która sporządziła opis (NP)
    • SZCZ U
    • c
    • Instytucja, która sporządziła rekord (NP)
    • SZCZ U
041 -Język dokumentu [0, ]
    • a
    • Język tekstu (P)
    • niemiecki
    • h
    • Język tekstu oryginalnego i/lub pośredniego (P)
    • niemiecki
942 -Rodzaj dokumentu [ , ]
    • c
    • Rodzaj dokumentu
    • Książka
100 -Hasło główne - nazwa osobowa [ , ]
    • a
    • Nazwa osobowa (NP)
    • GRAEB-KÖNNEKER, SEBASTIAN
245 -Strefa tytułu i oznaczenia odpowiedzialności [1, ]
    • a
    • Tytuł
    • Autochthone Modernität : Find
    • b
    • Ciąg dalszy tytułu (NP)
    • Eine Untersuchung der vom Nationalsozialismus geförderten Literatur / Find
    • c
    • Pozostałe elementy strefy tytułu i oznaczenia odpowiedzialności (NP)
    • Sebastian Graeb-Könneker.
260 -Strefa adresu wydawniczego [ , ]
    • a
    • Miejsce wydania (P)
    • Opladen :
    • b
    • Nazwa wydawcy (P)
    • Westdeutscher Verl.,
    • c
    • Data wydania (P)
    • 1996.
300 -Strefa opisu fizycznego [ , ]
    • a
    • Określenie formy książki i/lub objętość (NP)
    • 312 s. :
    • c
    • Format (NP)
    • 21 cm.
500 -Uwaga ogólna [ , ]
    • a
    • Uwaga ogólna (NP)
    • Bibligr.Res
080 -Uniwersalna Klasyfikacja Dziesiętna [ , ]
    • a
    • Symbol klasyfikacji
    • 830(091)-94"19"=30
080 -Uniwersalna Klasyfikacja Dziesiętna [ , ]
    • a
    • Symbol klasyfikacji
    • :323.14=30
080 -Uniwersalna Klasyfikacja Dziesiętna [ , ]
    • a
    • Symbol klasyfikacji
    • :321.64=30
980 -Symbol UKD [ , ]
    • a
    • UKD
    • 830(091)-94"19":323.14:321.64]=30
920 -ISBN [ , ]
    • a
    • ISBN
    • 3-531-12891-4 Find
Numer inwentarzowy Data inwentaryzacji Lokalizacja Status udost. Sygnatura
G.168892004-03-18BM1GERM.Lit.niem.-XX w.(do 1945) 09